[Event "Hoogovens"]
[Site "Wijk aan Zee"]
[Date "1994.01.??"]
[Round "1"]
[White "Van der Wiel, John"]
[Black "Smirin, Ilia"]
[Result "1-0"]
[WhiteElo "2570"]
[BlackElo "2615"]
[Annotator "Stohl,I"]
[PlyCount "77"]
[EventDate "1994.01.21"]
[EventType "tourn"]
[EventRounds "9"]
[EventCountry "NED"]
[EventCategory "14"]
[SourceTitle "CBM 040"]
[Source "ChessBase"]
[SourceDate "1994.06.01"]
[SourceVersion "1"]
[SourceVersionDate "1994.06.01"]
[SourceQuality "1"]

1. e4 d6 2. d4 Nf6 3. Nc3 g6 4. f4 Bg7 5. Nf3 O-O 6. Be2 c5 7. dxc5 Qa5 8. O-O
Qxc5+ 9. Kh1 Nbd7 10. Bd3 (10. Nd2 a6 11. a4 (11. Nb3 Qc7 12. Bf3 Rb8 13. Qe1
b5 14. a3 Bb7 15. Be3 Ba8 16. Rd1 Rfc8 17. Qf2 b4 18. axb4 Rxb4 19. Rd4 a5 20.
Ra1 Nc5 $132 {Schmaus,H-Guenther,C/Munich/1992/}) 11... b6 12. Nb3 Qc7 13. Nd5
Nxd5 14. exd5 Bb7 15. Bf3 Rac8 16. c3 Nf6 17. Qd3 Rfd8 18. Be3 e6 19. dxe6 fxe6
20. Rae1 Bxf3 21. Rxf3 Qc4 22. Qxc4 Rxc4 23. Bxb6 Rb8 24. a5 Nd5 $10 {
Mortensen,E-Hoi,C/Esbjerg/1981/}) (10. Qe1 a6 (10... d5 $5 11. e5 Ne4 $132) 11.
a4 b6 12. Bd3 Bb7 13. Ra3 e6 14. Bd2 Rad8 15. b4 Qc7 16. Qh4 Nh5 17. g4 Nhf6
18. f5 exf5 19. gxf5 Rde8 20. Bh6 Bxh6 21. Qxh6 d5 $36 {Conquest,S-Bernard,C/
Clichy op/1991/}) 10... b6 11. Qe1 Bb7 12. Be3 Qh5 $5 $146 (12... Qc6 13. Nd4 (
13. f5 Nc5 14. fxg6 fxg6 15. Bc4+ Kh8 16. Bd5 Qd7 17. Ng5 Ba6 18. Rf3 Nxd5 19.
exd5 Qg4 20. Qd2 Rxf3 21. Nxf3 Rf8 $15 {Mortensen-Gurevich,D/Helsinki mart/
1983/}) (13. Qh4 Nc5 14. Nd4 (14. Rf2 h6 15. Nd4 Qd7 16. f5 g5 17. Qg3 Bxe4 18.
Bb5 Qb7 19. h4 g4 20. b4 a6 21. bxc5 bxc5 22. Ba4 Qb2 23. Rb1 Qxc3 $19 {
Kuijf,M-Gurevich,D/Beersheva/1987/}) 14... Qc7 (14... Qd7 15. f5 Nxd3 16. cxd3
h5 17. h3 e5 18. fxe6 fxe6 19. Qg3 Kh7 20. Nf3 b5 21. Nh4 Qe8 22. Rac1 a6 23.
Ne2 e5 24. Qg5 Rc8 $10 {Gyimesi,Z-Oral,T/WchJ-14/1991/}) 15. f5 e5 16. Nde2 d5
17. exd5 Nxd3 18. cxd3 Nxd5 19. Nxd5 Bxd5 20. f6 Bh8 21. Ng3 Qc6 22. Ne4 Bxe4
23. dxe4 Rfd8 $13 {1/2:1/2/Fette,M-Engelbert,C/Hamburg-ch/1991/}) 13... Qc8 14.
Qh4 Nc5 15. f5 Nxd3 16. cxd3 Ba6 17. Rad1 b5 18. Rf3 b4 19. Nd5 Nxd5 20. exd5
Bf6 21. Bg5 Bxd4 22. Qxd4 f6 23. Bh6 Rf7 24. Rc1 $36 {Schlosser,M-Ludgate,A/
Haifa ETC/1989/}) (12... Qc7 13. Qh4 e6 14. Rae1 a6 15. a4 Rae8 16. e5 dxe5 17.
fxe5 Nh5 18. Be4 Bxe4 19. Nxe4 Nxe5 20. Nxe5 Qxe5 21. Bxb6 f5 22. Nc5 Qxb2 23.
a5 Qxc2 24. Nxe6 Bf6 $15 {Chandler,M-Pfleger,H/BL 9091/1991/}) 13. Nd2 (13. Ng5
h6 14. Be2 Ng4 15. h3 Ndf6 $1 $8 16. e5 Nxe3 $1 17. Bxh5 Nxg2 $36) (13. Bg1 Nc5
$13) 13... Ng4 14. Bg1 Bd4 $1 15. Rf3 (15. h3 Bxg1 16. Kxg1 Qc5+ $1 17. Kh1
Ngf6 $10) 15... Bxg1 16. Qxg1 Qc5 17. Qe1 Ngf6 18. Nb3 Qc7 19. Qh4 Qd8 $5 {
/\e5,d5} 20. Raf1 e6 21. Rh3 Nh5 $5 22. Nb5 $5 (22. Qxd8 Rfxd8 $10) 22... Ndf6
23. Nd2 (23. e5 $2 dxe5 24. fxe5 Qd5 25. Qg5 h6 $17) 23... e5 $6 (23... a6 24.
Nc3 e5 $132) 24. fxe5 dxe5 25. Nc4 Nf4 (25... a6 26. Nbd6 Bc6 27. Rhf3 b5 28.
Rxf6 $1 Nxf6 29. Rxf6 bxc4 30. Bxc4 $44) 26. Nxe5 (26. Re3 {/\Ne5} Nd7 $13) (
26. Nbd6 $5 {/\} Bc6 $6 27. Nxf7 $1 Rxf7 28. Nxe5 $40) 26... Nxh3 27. Rxf6 Kg7
(27... Bxe4 28. Nd6 $5 (28. Qxe4 Qxf6 29. gxh3 Rae8 $36) 28... Bxd3 29. Nexf7
Qe7 30. cxd3 Rxf7 31. Nxf7 Rf8 32. Nh6+ Kg7 (32... Kh8 33. Rxf8+ Qxf8 34. Qd4+)
33. Nf5+ $1 (33. Rxg6+ $2 Kxg6 $19 {/\Rf1#}) 33... gxf5 34. Rg6+ Kf7 35. Rg7+
$1 $18) 28. Ng4 Bxe4 $2 (28... h5 $1 $8 29. Nd6 hxg4 30. Nf5+ gxf5 31. Qh6+ Kg8
32. Rg6+ fxg6 33. Qxg6+ $10) 29. Qh6+ Kh8 30. Nd6 $1 $18 Bd5 (30... Bxd3 31.
Rxf7 $18) 31. Qxh3 Be6 32. Qg3 $1 {/\Qe5} Bxg4 33. Nxf7+ Rxf7 34. Rxf7 Qd5 (
34... Qd4 35. Qc7 $18) 35. Qf4 (35. Qc7 $18) 35... Bf5 36. Re7 Rd8 (36... Rf8
37. Qh6 $18) 37. Qh4 g5 (37... h5 38. Qf6+) 38. Qxg5 Qd4 39. Qxf5 1-0

[Event "Muenster"]
[Site "Muenster"]
[Date "1992.??.??"]
[Round "2"]
[White "Emunds, Hans Georg"]
[Black "Padevsky, Nikola Bochev"]
[Result "1/2-1/2"]
[WhiteElo "2315"]
[BlackElo "2400"]
[Annotator "Stohl,I"]
[PlyCount "83"]
[EventDate "1992.07.??"]
[EventType "tourn"]
[EventRounds "11"]
[EventCountry "GER"]
[EventCategory "8"]
[SourceTitle "CBM 031"]
[Source "ChessBase"]
[SourceDate "1992.12.01"]
[SourceVersion "1"]
[SourceVersionDate "1992.12.01"]
[SourceQuality "1"]

1. e4 d6 2. d4 Nf6 3. Nc3 g6 4. f4 Bg7 5. Nf3 O-O 6. Be3 c6 $6 7. Qd2 (7. Bd3
Na6 $5 (7... Qb6 8. Qc1 Na6 9. h3 Nb4 10. O-O Nxd3 11. cxd3 Ne8 12. g4 f5 13.
gxf5 gxf5 14. Kh2 fxe4 15. dxe4 d5 16. e5 Bf5 17. Nh4 $40 {Beliavsky,A-Kuzmin,
A,URS-ch 1981}) 8. e5 dxe5 9. dxe5 Nd5 10. Nxd5 Qxd5 11. Qe2 Nb4 12. Bc4 Qe4
13. O-O-O Bg4 14. Rd4 Qf5 15. Bb3 c5 16. Rc4 Nd5 17. Bd2 b5 $13 {Korolev,
S-Appel,R,Leningrad op 1991}) 7... b5 (7... Nbd7 {/\e5<=>} 8. e5 Ng4 9. Bg1 {()
}) 8. Bd3 (8. e5 b4 9. exf6 bxc3 $10) 8... Nbd7 9. e5 (9. a3 $5 e5 10. dxe5
dxe5 11. f5 $36) 9... b4 10. Ne2 Nd5 11. Bf2 N7b6 (11... a5 $5 {/\} 12. O-O Ba6
$132) 12. a3 a5 13. O-O $14 {()} Bg4 (13... f6 14. exd6 exd6 15. f5 $36) 14.
Bh4 f6 15. exf6 exf6 16. h3 (16. f5 Qe8 17. h3 Bxf5 18. Bxf5 gxf5 $132) 16...
Bxf3 17. Rxf3 {/\f5} Bh6 $8 18. c4 $1 (18. Qe1 Qe7 $13) 18... bxc3 19. bxc3 Qd7
(19... Ne7 20. Qa2+ $1 d5 21. f5 $16) 20. Rb1 (20. Qa2 f5 21. c4 Nf6 $13) 20...
Rab8 21. Qa2 Qf7 (21... f5 $2 22. c4 Nf6 23. Rxb6 Rxb6 24. c5+ $18) 22. c4 (22.
f5 $1 $36 {/\} Be3+ 23. Kh1 g5 24. Be1 {/\c4}) 22... Ne7 23. Be1 a4 (23... d5
$5 24. c5 Nc4 $44) 24. Ba5 Nd7 25. Bc7 Rxb1+ 26. Qxb1 Qe6 27. Qb4 (27. f5 Nxf5
28. Bxf5 gxf5 29. Ng3 Be3+ 30. Kh1 Bxd4 31. Nxf5 Be5 $13) 27... c5 28. Qd2 (28.
Qxa4 $142 $1 cxd4 29. Nxd4 Qe1+ 30. Bf1 $1 Nc5 31. Qc2 $16) 28... Nb8 $1 $8 29.
dxc5 (29. d5 Qd7 30. Ba5 $14 {()}) 29... dxc5 30. Qe3 Qd7 (30... Qxe3+ 31. Rxe3
Nbc6 32. Bd6 $16) 31. Bb6 Na6 32. Bxc5 $14 Nxc5 33. Qxc5 Rc8 34. Qd4 (34. Qe3
$142 $14) 34... Qxd4+ 35. Nxd4 Nc6 $1 $132 {קa3} 36. Nxc6 (36. Nb5 Bf8 $44)
36... Rxc6 37. Be4 Rc8 (37... Rxc4 $4 38. Bd5+ $18) 38. Kf2 Bf8 39. Rd3 Kg7 40.
Bd5 (40. Rd7+ Kh6 $10) 40... f5 41. g4 Rb8 42. gxf5 {[Stohl]} (42. gxf5 gxf5
43. Ke3 Rb3 44. Rxb3 axb3 45. Kd3 Bxa3 $10) 1/2-1/2

[Event "Interzonal-16"]
[Site "Biel"]
[Date "1993.??.??"]
[Round "10"]
[White "Ehlvest, Jaan"]
[Black "Nogueiras Santiago, Jesus"]
[Result "1/2-1/2"]
[WhiteElo "2620"]
[BlackElo "2580"]
[Annotator "Stohl,I"]
[PlyCount "136"]
[EventDate "1993.07.16"]
[EventType "swiss"]
[EventRounds "13"]
[EventCountry "SUI"]
[SourceTitle "CBM 037"]
[Source "ChessBase"]
[SourceDate "1993.12.01"]
[SourceVersion "1"]
[SourceVersionDate "1993.12.01"]
[SourceQuality "1"]

1. e4 d6 2. d4 g6 3. Nc3 Bg7 4. f4 Nc6 (4... Nf6 5. Nf3 O-O 6. Be3 b6 7. Bd3 c5
8. Qe2 Nc6 9. e5 Ng4 10. Be4 Nb4 $5 11. O-O-O Ba6 12. Qe1 d5 13. dxc5 Nxe3 14.
Qxe3 e6 15. a3 Nc6 16. Bd3 Bxd3 17. Rxd3 $14 {Bologan,V-Gipslis,A/Ostrava/1993/
}) 5. Be3 Nf6 6. Nf3 O-O 7. e5 (7. Qd2 Ng4 8. Bg1 e5 9. d5 Nb8 10. h3 Nf6 11.
fxe5 dxe5 12. O-O-O Nbd7 13. Kb1 Ne8 14. g4 Nd6 15. Bd3 a6 16. Be3 b5 17. Bh6
Bxh6 18. Qxh6 f6 19. Qe3 Qe7 20. Rhg1 $14 {Lau,R-Mohr,S/BL 9293/1993/}) (7. Be2
e6 8. h3 b6 9. g4 $6 Ne7 10. g5 Nh5 11. Rg1 c5 12. Qd2 cxd4 13. Nxd4 e5 14. Nf3
Nxf4 15. Bxf4 exf4 16. O-O-O Be6 $17 {Shirov,A-Hansen,Cu/Biel/1992/}) 7... dxe5
(7... Ng4 8. Bg1 Nh6 $5 $132) 8. dxe5 Nh5 $5 (8... Ng4 9. Bg1 (9. Bd2 $6 f6 10.
Bc4+ Kh8 11. h3 Nh6 12. exf6 exf6 13. O-O Nf5 14. Kh2 Nd6 15. Bd5 Ne7 16. Be3
Nxd5 17. Qxd5 Re8 18. Bf2 $15 {1/2:1/2,Zarnicki,P-Nogueiras,J/Capablanca mem-A/
1993/}) 9... f6 (9... Qxd1+ $142 $5 10. Rxd1 f6) 10. Bc4+ Kh8 11. h3 Nh6 12.
Qe2 fxe5 13. fxe5 e6 14. Bb5 Rxf3 $6 {N} (14... Nf5 15. Rd1 Qe8 16. Bf2 a6 17.
Ba4 b6 18. O-O Bb7 19. Ne4 $36 {Seirawan,Y-Spraggett,K/Moscow Final GMA/1990/})
15. Qxf3 Nxe5 16. Qe2 Nf5 17. Rd1 Qe7 18. Bh2 Nf7 19. O-O N7d6 20. Be5 $16 {
Hellers,F-Nogueiras,J/Biel izt/1993/}) 9. Bc4 Bh6 10. g3 {N} (10. Qxd8 Rxd8 11.
g3 Bf5 12. Rc1 Na5 13. Be2 Be6 14. b3 Nc6 15. O-O f6 16. exf6 Nxf6 17. Bb5 Nd5
18. Nxd5 Bxd5 $10 {Sanz Alonso,FJ-Lobron,E/Malta ol/1980/}) 10... Bg4 11. Qe2
$6 (11. Qxd8 $142 Rfxd8 12. Kf2 $13) 11... Kh8 $1 {/\f6<=>} 12. Rd1 Qc8 13. Ne4
f6 $132 14. O-O (14. exf6 $142 exf6 15. Nf2 $10) 14... Qf5 (14... fxe5 15. fxe5
Bg7 $5 $36) 15. Nc5 (15. Nf2 $2 Bxf3 16. Qxf3 Nxe5 $17) 15... fxe5 {/\e4-+} 16.
Be6 Bxf3 $8 17. Rxf3 (17. Qxf3 Qf6 (17... Qxc2 $2 18. Rf2 e4 19. Qg4 $18) 18.
f5 gxf5 $1 19. Bxh6 Qxh6 $17) 17... Qf6 18. Bg4 (18. f5 Bxe3+ {/\Nd4|^}) 18...
exf4 19. Bxh5 (19. Nd7 $5 Qg5 20. Bxh5 Qxh5 21. Nxf8 fxe3 (21... Ne5 $2 22. Bd4
$18) 22. Nd7 $13 {[]} e5) 19... gxh5 20. Nd7 Qg7 $1 21. Nxf8 fxe3 22. Ne6 $8 (
22. Rdf1 Nd4 $19) 22... Qg4 23. Nxc7 Rc8 {/\Rc7,Nd4,Ne5} 24. h3 Qe4 25. Qg2 {
/\Rf8+-} (25. Nb5 Ne5 26. Rff1 Rxc2 27. Rd4 Qg6 $19) 25... e2 $1 26. Re1 Qd4+
27. Kh2 Rxc7 28. c3 Qd6 29. Qxe2 h4 $17 30. Rd1 Qg6 31. gxh4 Rc8 (31... e5 $5 {
/\e4,Bf4}) 32. h5 Qg5 33. Kh1 Rg8 34. Rff1 Qh4 35. Rd3 Bf4 36. Rg1 Rxg1+ 37.
Kxg1 Qg5+ 38. Qg4 Qe5 (38... Qxg4+ 39. hxg4 Ne5 40. Rd8+ Kg7 $17) 39. Kf1 Qf6
40. Ke2 $132 Qe5+ 41. Kd1 Qe4 42. Qf3 Qf5 43. h6 $5 e5 44. Qd5 Bxh6 45. Kc2
Qf2+ (45... Qf1 $5 $17) 46. Kb1 Qf1+ 47. Rd1 $1 (47. Kc2 Qe2+ 48. Kb3 e4 $19)
47... Qxh3 48. Qf7 {/\Rd7<=>} Qg4 49. Qe8+ Qg8 50. Qd7 Bf8 (50... Qb8 $6 51.
Qf7) 51. Qxb7 Qg6+ 52. Ka1 h5 53. Qc8 Kg7 54. Rd7+ Ne7 (54... Kg8 55. a4 $13)
55. a4 h4 56. Qc5 Qg5 57. Rd1 Ng6 (57... h3 $2 58. Rg1) 58. Qxa7+ Be7 59. Rg1
Qf6 60. Qe3 Qf4 61. Qxf4 exf4 62. b4 f3 63. Kb2 (63. a5 $5 Bd8 64. Kb2 h3 65.
Kc2 f2 66. Rf1 h2 67. Kd2 Nf4 68. Ke3 Nd5+ $10) 63... h3 64. Kc2 h2 65. Rh1 f2
66. Kd2 Nf4 67. Ke3 Nd5+ 68. Kxf2 Nxc3 (68... Nxc3 69. Rxh2 Bxb4 $10) 1/2-1/2

[Event "Capablanca Memorial-B"]
[Site "Matanzas"]
[Date "1994.??.??"]
[Round "4"]
[White "Arencibia Rodriguez, Walter"]
[Black "Slobodjan, Roman"]
[Result "1/2-1/2"]
[WhiteElo "2485"]
[BlackElo "2440"]
[Annotator "Stohl,I"]
[PlyCount "81"]
[EventDate "1994.??.??"]
[EventType "tourn"]
[EventRounds "13"]
[EventCountry "CUB"]
[EventCategory "8"]
[SourceTitle "CBM 043"]
[Source "ChessBase"]
[SourceDate "1994.12.01"]
[SourceVersion "1"]
[SourceVersionDate "1994.12.01"]
[SourceQuality "1"]

1. e4 d6 2. d4 Nf6 3. Nc3 g6 4. f4 Bg7 5. Nf3 O-O 6. Bd3 Nc6 7. O-O e5 8. dxe5
(8. fxe5 dxe5 9. d5 Ne7 (9... Nd4 $5 $13) 10. Nxe5 c6 11. Bg5 cxd5 $1 12. Kh1 (
12. Bxf6 Qb6+) 12... Qd6 13. Nf3 dxe4 14. Nxe4 Nxe4 15. Bxe4 Qc7 16. c3 Be6 17.
Nd4 Bc4 18. Re1 Nc6 19. Nxc6 bxc6 20. Qa4 Bb5 21. Qb4 Rfe8 22. Bf3 h6 23. Be3
$14 {Almasi,Z-Hansen,Cu/Malmo/1994/}) 8... dxe5 9. f5 (9. fxe5 $6 Nxe5 $1 10.
Nxe5 Qd4+ 11. Kh1 Qxe5 12. Bf4 Qc5 13. Qf3 Be6 14. Nb5 Ne8 15. Be3 Qe7 16. c3
c5 17. Qf2 b6 18. a4 Rd8 19. Qe2 Be5 $15 {Relange,E-Bernard,C/FRA-chT/1993/})
9... gxf5 $1 (9... Nb4 10. Bg5 $1 (10. fxg6 hxg6 11. Bg5 Qd6 $5 12. Qe2 Nxd3
13. cxd3 Bg4 14. h3 Bxf3 15. Rxf3 c6 16. Raf1 Nh7 17. Be3 b6 18. Qf2 Qe7 19. a4
Rad8 20. a5 Rxd3 21. axb6 axb6 22. Qe2 Rd7 23. Bxb6 Ng5 $15 {Sasaki,K-Olsen,H/
Manila olm/1992/}) 10... Qd6 11. Kh1 Nxd3 12. Qxd3 $1 Qxd3 13. cxd3 c6 14. Rad1
Nd7 15. Be3 gxf5 16. exf5 Nb6 17. Nd2 Rd8 18. Nde4 f6 19. g4 Nd5 20. Bc1 b6 21.
g5 Bb7 22. h4 c5 23. Kh2 $16 {Sax,G-Torre,E/Rio de Janeiro izt/1979/}) (9...
Nd4 10. Ne1 $6 (10. Bg5 $5 $14) 10... gxf5 11. exf5 e4 12. Nxe4 Nxe4 13. Bxe4
Re8 14. Qd3 (14. Bd3 Bxf5 $1) 14... Qh4 15. Bf4 Qe7 16. Bf3 Bxf5 $15 {Watson,
W-Dekan,H/San Bernardino op/1991/}) 10. exf5 e4 $8 (10... Ne7 11. Ng5 $16) 11.
Nxe4 (11. Bxe4 $2 Qxd1 12. Rxd1 Nxe4 13. Nxe4 Bxf5 $36) 11... Bxf5 12. Nxf6+ (
12. Ng3 Bxd3 13. cxd3 Qd5 $1 (13... Nd4 14. Nh4 $1 $36 {><f5}) 14. Bf4 Rad8 15.
Bxc7 Rd7 $10) 12... Qxf6 13. Bg5 (13. Bxf5 Qxf5 14. c3 Rad8 $10) 13... Qe6 (
13... Qg6 $6 14. Nh4 $1 Qxg5 15. Nxf5 $36) 14. Bxf5 (14. Re1 $5 Qd5 15. Bxf5
Qxf5 16. c3 Rfe8 17. Qb3 $14) (14. c3 Bg6 $1 15. Qe2 Qxe2 16. Bxe2 Rfe8 17.
Rae1 Ne5 (17... Bf8 $10) 18. Nxe5 Rxe5 19. Bf4 Re4 (19... Re7 $5) 20. Bb5 c6
21. Rxe4 Bxe4 22. Bc4 Bd5 23. Bxd5 cxd5 24. Rd1 Rd8 $14 {Sax,G-Hazai,L/HUN-ch/
1977/}) 14... Qxf5 15. c3 (15. Qd2 Bf6 $5 16. Bxf6 Qxf6 17. Qg5+ Qxg5 18. Nxg5
Rae8 19. Rad1 h6 20. Nf3 Rd8 21. Rfe1 Kg7 22. Kf2 Kf6 23. Rxd8 Rxd8 24. Re4 Rd7
$10 {Huenerkopf,H-Treppner,G/BL 8182/1981/}) 15... Rfe8 16. Qd2 {/\Nh4-f5->} f6
$1 17. Be3 Rad8 18. Nd4 Qh5 (18... Qg6 $5 $10) 19. Rf5 $5 (19. Qf2 Nxd4 20.
Bxd4 Re2 21. Qg3 Qg5 $10) 19... Qxf5 20. Nxf5 Rxd2 21. Bxd2 Re2 22. Rd1 Bf8 23.
Kf1 $14 Re5 24. Nh6+ (24. g4 $5 $14 {/\Bf4}) 24... Kg7 (24... Bxh6 $6 25. Bxh6
$36) 25. Ng4 Rf5+ 26. Ke2 Bd6 27. h3 Kg6 $10 28. Be3 Ra5 29. a3 f5 30. Nf2 Ne5
31. Rd4 h6 32. Nd3 (32. Rh4 Nf7 $10) 32... Nxd3 33. Kxd3 a6 34. Bd2 Rb5 (34...
Re5 $6 35. Bf4 $16 {ק}) 35. b4 Rb6 36. Rd5 (36. c4 Be5 $1 (36... c5 $2 37. Rd5
{/\} cxb4 38. c5) 37. Rd5 Rd6 $10) (36. Rh4 h5 $10) 36... Bg3 37. c4 Rd6 38.
Rxd6+ Bxd6 39. g4 (39. c5 Bg3 40. Kc4 c6 $10) 39... fxg4 40. hxg4 c6 41. a4
1/2-1/2

[Event "RUS-ch"]
[Site "Elista"]
[Date "1994.??.??"]
[Round "3"]
[White "Ruban, Vadim"]
[Black "Balashov, Yuri S"]
[Result "0-1"]
[WhiteElo "2560"]
[BlackElo "2505"]
[Annotator "Stohl,I"]
[PlyCount "48"]
[EventDate "1994.09.??"]
[EventType "swiss"]
[EventRounds "11"]
[EventCountry "RUS"]
[SourceTitle "CBM 044"]
[Source "ChessBase"]
[SourceDate "1995.02.01"]
[SourceVersion "1"]
[SourceVersionDate "1995.02.01"]
[SourceQuality "1"]

1. d4 {Arkhipov} d6 2. e4 Nf6 3. Nc3 g6 4. f4 Bg7 5. Nf3 O-O 6. Be3 Na6 $5 7.
Qd2 (7. e5 $5 Ng4 8. Bg1 c5 9. h3 cxd4 10. Qxd4 Nh6 11. O-O-O Qa5 12. g4 Be6
13. Qa4 Qxa4 14. Nxa4 dxe5 15. fxe5 Nb4 16. a3 Nc6 17. Nc5 Bc8 18. Be3 b6 19.
Bb5 Nxe5 20. Nxe5 bxc5 21. Nc6 $16 {Bareev,E-Todorcevic,M/Marseille/1990/})
7... c5 8. Bxa6 $6 (8. dxc5 $142 Nxc5 9. e5 Nfe4 10. Nxe4 Nxe4 11. Qb4 (11. Qd5
Bf5 12. g4 $2 Bxg4 13. Qxe4 d5 $17) 11... d5 $13 (11... Nc5 $6 12. O-O-O Qc7
13. exd6 exd6 14. Bd4 Bh6 15. Bf6 Bf5 16. Nh4 Bg4 17. Re1 $16 {Dvoirys,
S-Laketic,G/Cheljabinsk/1992/})) 8... cxd4 9. Bxd4 bxa6 10. O-O-O $146 (10. O-O
$142 Bb7 11. Rfe1 $13) (10. e5 dxe5 11. Bxe5 Qxd2+ 12. Nxd2 Rd8 13. Nc4 Bf8 14.
Ne3 Ng4 15. Nxg4 Bxg4 16. Nd1 f6 17. Bc3 Bf5 18. Ne3 Be4 19. Ke2 Bh6 20. Rhf1
e5 21. Ng4 Bg7 22. fxe5 fxe5 23. Nf6+ Bxf6 $10 {Nilsson,N-Larsen,FB/Kobenhavn
op/1991/}) 10... Bb7 $15 11. Rhe1 Qc7 12. h3 (12. e5 $6 dxe5 13. fxe5 Ng4 {
/\Bh6,><e5}) 12... Rfe8 $1 {/\e5,><e4} 13. e5 (13. Kb1 e5 $17 14. fxe5 dxe5 $36
) 13... dxe5 14. fxe5 (14. Bxe5 $5 Qa5 15. Nd4 $15) 14... Nd5 15. e6 f6 $1 $17
{^^,-><->b,c} (15... Nxc3 $6 {Arkhipov} 16. exf7+ Kxf7 17. Ng5+ Kg8 18. Bxg7 $1
Rad8 (18... Nxa2+ 19. Kb1) 19. Qf2 $1 Kxg7 20. Ne6+ $18) 16. Nxd5 Bxd5 17. Be5
$2 (17. Kb1 Qc6 {><e6}) (17. Bxf6 $2 Bxf3 18. Bxg7 Bxd1 $19) (17. Bc3 $5 {
Arkhipov} Bc6 (17... Bxa2 18. b3 Rac8 19. Kb2 Bh6 20. Qd4 Red8 21. Qb4 $13) 18.
Kb1 Rad8 $13) 17... fxe5 18. Qxd5 e4 $1 $40 19. Qxe4 (19. Nd4 $1 {Arkhipov}
Rac8 20. c3 $13) 19... Rab8 20. Ne5 (20. c3 Rxb2 $1 $19) (20. b3 Qc3 21. Rd3
Qb2+ 22. Kd2 Bh6+ $40) 20... Bh6+ $1 21. Rd2 $8 (21. Kb1 Rxb2+ $1 22. Kxb2 Rb8+
23. Ka3 Qc5+ (23... Qa5+ {Arkhipov} 24. Qa4 Qc5+ $19) 24. Ka4 Qb5+ 25. Ka3 Qb2+
26. Ka4 Qxa2#) 21... Rxb2 $1 22. Nf7 (22. Kxb2 Bxd2 {/\Rb8-+} (22... Bxd2 {
Arkhipov} 23. Rd1 Rb8+ $19)) 22... Rb1+ $1 23. Kxb1 Bxd2 24. c4 (24. Rd1 Qb6+ {
/\Bc3#}) 24... Bxe1 (24... Bxe1 25. Qxe1 Rb8+ 26. Ka1 Qxc4 $19) 0-1

[Event "Hoogovens-B"]
[Site "Wijk aan Zee"]
[Date "1992.01.??"]
[Round "2"]
[White "Kuijf, Marinus"]
[Black "Cifuentes Parada, Roberto"]
[Result "1-0"]
[WhiteElo "2440"]
[BlackElo "2540"]
[Annotator "Stohl,I"]
[PlyCount "65"]
[EventDate "1992.01.??"]
[EventType "tourn"]
[EventRounds "11"]
[EventCountry "NED"]
[EventCategory "10"]
[SourceTitle "CBM 028"]
[Source "ChessBase"]
[SourceDate "1992.06.01"]
[SourceVersion "1"]
[SourceVersionDate "1992.06.01"]
[SourceQuality "1"]

1. d4 d6 2. Nc3 g6 3. e4 Bg7 4. f4 Nf6 5. Bc4 $5 O-O $6 (5... c6 $6 6. e5 (6.
Bb3 O-O 7. Nf3 Na6 8. e5 Ne8 9. Be3 Nec7 10. O-O dxe5 11. fxe5 Be6 12. Qd2 Bxb3
13. axb3 Ne6 14. Rad1 Nac7 15. Bh6 f6 16. Bxg7 Nxg7 17. Ne4 $36 {Kavalek,
L-Mednis,E,USA-ch 1972}) 6... dxe5 7. fxe5 Nd5 8. Nxd5 cxd5 9. Bd3 Nc6 10. c3
O-O 11. Nf3 Bg4 (11... f6 $142 $5 $14) 12. O-O b5 13. a3 a5 14. Qe1 Qb6 15. Kh1
Bxf3 16. Rxf3 b4 17. Qh4 $40 {Ankerst,M-Van Vely,L,Munich op 1991}) (5... Nxe4
$5 6. Bxf7+ (6. Nxe4 $2 d5 $15) 6... Kxf7 7. Nxe4 Re8 (7... Rf8 8. Nf3 Kg8 9.
c3 Qe8 10. O-O a5 11. a4 Kh8 12. Qe1 Nd7 13. Neg5 Nf6 14. Bd2 Bf5 15. Ne6 Bxe6
16. Qxe6 Qd7 17. Ng5 $14 {Trapl,J-Kubicek,A,Trinec ch-CS 1972}) 8. Nf3 Kg8 9.
O-O Nd7 10. c3 b6 $1 11. Qb3+ e6 12. Nfg5 Nf8 13. Be3 h6 14. Nf3 Bb7 15. Qc2
Qe7 16. Rae1 Qf7 $10 {Ljubojevic,L-Donner,JH,Wijk 1972}) 6. e5 Ne8 7. Nf3 $14 {
()} c6 8. O-O Bg4 9. Kh1 (9. Be3 $14) 9... Nc7 (9... dxe5 10. fxe5 c5 11. dxc5
Qxd1 12. Rxd1 Bxf3 13. gxf3 Bxe5 14. Nd5 $16) 10. h3 Bxf3 11. Qxf3 d5 12. Bd3
e6 (12... f6 $142 13. exf6 $5 Bxf6 (13... exf6 14. f5 $16) 14. Be3 {/\f5->})
13. b3 $1 $16 f6 14. Ba3 fxe5 (14... Rf7 15. Qg3 {/\h4-h5->}) 15. dxe5 (15.
Bxf8 $2 e4 16. Qf2 Qxf8 17. Be2 Qb4 $17) 15... Rf7 (15... Bxe5 $5 16. Bxf8 Bxc3
17. Bh6 Bxa1 18. Rxa1 Qf6 19. Re1 $146) 16. Qg4 Nd7 17. Bd6 {><e6,/\Bc7} Nf8 $8
18. Na4 b6 19. Rad1 Qe8 20. c4 Rd8 (20... c5 21. Bxc7 Rxc7 22. cxd5 exd5 23.
Nc3 d4 24. Nb5 $40) 21. c5 b5 22. Nc3 Kh8 23. Ne2 $18 {()׻} Qd7 24. Nd4 Re8
25. Nf3 Bh6 $8 26. Nd4 Rc8 27. Qh4 Kg7 (27... Bg7 28. g4 {/\f5+-}) 28. Qg4 Kh8
29. Rf3 Re8 30. Qh4 Kg7 31. Rdf1 {/\g4,f5+-} Rf5 $6 32. Bxf5 gxf5 33. Qf6+ {
[Stohl]} 1-0

[Event "Linares 10th"]
[Site "Linares"]
[Date "1992.??.??"]
[Round "12"]
[White "Gelfand, Boris"]
[Black "Speelman, Jonathan S"]
[Result "1/2-1/2"]
[WhiteElo "2665"]
[BlackElo "2630"]
[Annotator "Stohl,I"]
[PlyCount "110"]
[EventDate "1992.02.??"]
[EventType "tourn"]
[EventRounds "13"]
[EventCountry "ESP"]
[EventCategory "17"]
[SourceTitle "CBM 028"]
[Source "ChessBase"]
[SourceDate "1992.06.01"]
[SourceVersion "1"]
[SourceVersionDate "1992.06.01"]
[SourceQuality "1"]

1. e4 d6 2. d4 Nf6 3. Nc3 g6 4. f4 Bg7 5. Nf3 O-O 6. Be2 Na6 $5 (6... c5 $13) (
6... c6 7. O-O Na6 8. Kh1 (8. e5 $142 $14) 8... Nc7 9. a4 b6 10. Be3 c5 11. Qd2
Bb7 12. e5 Nfd5 13. Nxd5 Nxd5 14. Bg1 Bh6 15. Ng5 dxe5 16. dxe5 Nb4 $15 {
Utasi,T-Titov,G,Budapest Festival 1991-TD 91_05}) 7. e5 (7. O-O c5 8. Kh1 (8.
e5 Ne8 9. dxc5 Nxc5 10. Be3 b6 11. Qd2 Bb7 12. Rad1 Qc8 13. Nd5 Qd7 14. Qe1 e6
15. Nc3 Qe7 16. Qg3 Rc8 $13 {Jonsson,M-Bjorkving,L,Taby 1991}) 8... b6 (8...
cxd4 $142 9. Nxd4 Nc5 10. Bf3 a6 $132) 9. a4 Bb7 10. d5 e6 11. dxe6 fxe6 12.
Ng5 Nc7 13. f5 exf5 14. exf5 gxf5 15. Bf4 h6 16. Bc4+ $16 {Kuijf,M-Piket,M,
Amsterdam 1986}) 7... Nd7 {N} (7... Ne8 8. Be3 Bf5 9. O-O $14 {()}) 8. O-O (8.
Ne4 $5 c5 9. c3 {()}) 8... c5 9. Be3 (9. dxc5 $2 dxe5 $15) 9... cxd4 10. Qxd4 (
10. Bxd4 dxe5 11. fxe5 Nc7 12. Bc4 Nb6 $10) 10... b6 (10... dxe5 11. fxe5 Nc7
12. Rad1 Ne6 13. Qh4 $36) 11. Rad1 Bb7 12. Qd2 Ndc5 $8 13. exd6 Qxd6 (13...
exd6 $6 14. f5 $1 $36) 14. Qxd6 exd6 15. Bd4 $14 (15. Rxd6 $6 Rfe8 16. Bd4 (16.
Kf2 Bxc3 $19) 16... Bf8 17. Bxc5 $8 Nxc5 $146) 15... Bh6 16. g3 (16. f5 $6 Nb4
$15) 16... Nc7 (16... Nb4 17. Rd2 Ne4 18. Nxe4 Bxe4 19. c3 Nc6 20. Bf6 d5 21.
Ng5 $14) 17. Bf6 Rfe8 $5 (17... d5 18. Be5 N5e6 19. Nd4 $16) 18. Rxd6 Nd5 $8
19. Rxd5 $1 Bxd5 20. Bb5 Bb7 21. Bxe8 Rxe8 22. Kf2 Nd7 (22... Ne4+ 23. Nxe4
Bxe4 24. Re1 $14) 23. Bd4 Bf8 24. Re1 $14 {_|_^^} Rxe1 25. Nxe1 f6 26. Nd3 Kf7
27. Ke3 Ke6 28. Ne4 h5 29. h3 a6 30. c4 b5 31. b3 (31. c5 $6 a5 {><c5}) 31...
bxc4 32. bxc4 Kf5 33. Ndf2 a5 34. Nc3 (34. g4+ $5 hxg4 35. hxg4+ Ke6 $14 {
/\Be7,f5}) 34... Ke6 35. Nfe4 {/\Nb5-c7-d5} Kf5 $1 36. Nd5 g5 $132 37. Nexf6
gxf4+ 38. gxf4 Nxf6 39. Nxf6 Ba6 40. c5 (40. Kd3 $142 Kxf4 41. Nxh5+ Kg5 $14)
40... Bxc5 41. Nxh5 Ba3 {/\Bc4=} 42. Ng3+ Kg6 43. Bc3 Bc4 44. Bxa5 Bxa2 45. f5+
(45. Kf3 Bb3 $1 {/\} 46. Kg4 $4 Bd1+ $19) 45... Kh6 46. Ne4 Be7 47. Kf4 (47. f6
Ba3 $10 {/\Kg6,Bb1,Bb2}) 47... Kh5 48. Be1 (48. f6 Ba3 49. Kf5 Kh4 $10) 48...
Bd8 49. Ke5 Bc7+ 50. Kf6 Bd8+ 51. Kg7 Bb1 $1 $10 52. Nd6 Be7 53. Nc8 Bxf5 54.
Nxe7 Bxh3 55. Ng6 Kg5 {[Stohl]} 1/2-1/2